| 000 | 00746 a2200205 4500 | ||
|---|---|---|---|
| 010 | _aENG-85451 | ||
| 020 |
_a81852205826 _c150.00 |
||
| 035 | _aEN-68984 | ||
| 037 | _bD.B.Act / Pub | ||
| 082 | 1 | 4 | _a307.3364 |
| 090 |
_c3162 _d3162 |
||
| 100 | 1 | _aHusain, M. G. | |
| 245 | 1 |
_aPsycho social and demographic profiles of Hindu-Muslim slum dwellers in Delhi _cM. G. Husain |
|
| 260 |
_aNew Delhi _bInstitute of Objective Studies _c2004 |
||
| 270 |
_a162, Jogabai Main Road, Jamia Nagar _bNew Delhi _cDelhi _e110020 _k26987467 |
||
| 300 |
_aiv, 143 p. _c23 cm. (Hb) |
||
| 500 | _aIncludes bibliographical references | ||
| 942 |
_adpl _cEN _k307.3364 / HUS |
||
| 999 |
_c3100 _d3100 |
||